Passing the special education Texes exam keys to certification & exceptional learners

Uloženo v:
Podrobná bibliografie
Hlavní autor: WILMORE, Elaine L.
Médium: Kniha
Jazyk:angličtina
Vydáno: Corwin, A Sage 2014
Tagy: Přidat tag
Žádné tagy, Buďte první, kdo vytvoří štítek k tomuto záznamu!

MARC

LEADER 00000nam a22000007a 4500
008 210528b ||||| |||| 00| 0 eng d
020 |a 978-1-4522-8595-5 
100 |a WILMORE, Elaine L. 
245 |a Passing the special education Texes exam  |b keys to certification & exceptional learners  |c Elaine L. Wilmore  |g  xvi, 166p.; ill. 
260 |b Corwin, A Sage  |c  2014  |h Thousand Oaks, Carlifornia  |i 692273   |i  692274   |l LB1763 .T4W68  |m Teaching – Texas – Examinations –Study guides  |m Special education – Texas – Examinations – Study guides.  |m Teachers – Certification – Texas.  |m Special education teachers – Certification – Texas  
500 |a “It includes references and index” 
942 |a lcc  |c BK  |e Adekanye, I. H.  |f 28/05/2021 
952 |0 0  |1 0  |2 lcc  |4 0  |6 LB1763 T4 W68  |7 0  |9 2477  |a HOL  |b ED  |c LP  |d 2021-05-28  |l 0  |o LB1763 .T4W68   |p 2021-6329  |r 2021-05-28 00:00:00  |w 2021-05-28  |y BK 
952 |0 0  |1 0  |2 lcc  |4 0  |6 LB1763 T4 W68  |7 0  |9 2478  |a HOL  |b HOL  |c LP  |d 2021-05-28  |l 0  |o LB1763 .T4W68   |p 2021-6330  |r 2021-05-28 00:00:00  |w 2021-05-28  |y BK 
999 |c 1290  |d 1290